Epic (Record no. 268)
[ view plain ]
| 000 -LEADER | |
|---|---|
| fixed length control field | 03924cgm a2200793Ia 4500 |
| 003 - CONTROL NUMBER IDENTIFIER | |
| control field | data |
| 005 - DATE AND TIME OF LATEST TRANSACTION | |
| control field | 20260322212013.0 |
| 007 - PHYSICAL DESCRIPTION FIXED FIELD--GENERAL INFORMATION | |
| fixed length control field | data |
| 008 - FIXED-LENGTH DATA ELEMENTS--GENERAL INFORMATION | |
| fixed length control field | data |
| 019 ## - | |
| -- | 857816494 |
| 020 ## - INTERNATIONAL STANDARD BOOK NUMBER | |
| International Standard Book Number | 9780105425724 |
| 020 ## - INTERNATIONAL STANDARD BOOK NUMBER | |
| International Standard Book Number | 0105425729 |
| 020 ## - INTERNATIONAL STANDARD BOOK NUMBER | |
| International Standard Book Number | 0105425729 |
| 024 1# - OTHER STANDARD IDENTIFIER | |
| Standard number or code | 024543802372 |
| 028 42 - PUBLISHER OR DISTRIBUTOR NUMBER | |
| Publisher or distributor number | 2280237 |
| Source | Twentieth Century Fox Home Entertainment |
| 040 ## - CATALOGING SOURCE | |
| Original cataloging agency | TEFMT |
| Language of cataloging | eng |
| Transcribing agency | TEFMT |
| Modifying agency | WSB |
| -- | TEFMT |
| -- | IEP |
| -- | IK2 |
| -- | UPZ |
| -- | OCLCQ |
| -- | GO4 |
| -- | OCLCO |
| -- | YOL |
| -- | TXI |
| -- | WSB |
| 041 1# - LANGUAGE CODE | |
| Language code of text/sound track or separate title | fre |
| -- | spa |
| -- | fre |
| Language code of original | eng |
| 050 #4 - LIBRARY OF CONGRESS CALL NUMBER | |
| Classification number | PN1997.2 |
| Item number | .E65 2013 |
| 090 ## - LOCALLY ASSIGNED LC-TYPE CALL NUMBER (OCLC); LOCAL CALL NUMBER (RLIN) | |
| Classification number (OCLC) (R) ; Classification number, CALL (RLIN) (NR) | DVD 989 |
| 001 - CONTROL NUMBER | |
| control field | data |
| 130 0# - MAIN ENTRY--UNIFORM TITLE | |
| Uniform title | Epic (Motion picture) |
| 245 10 - TITLE STATEMENT | |
| Title | Epic |
| Medium | [videorecording] / |
| Statement of responsibility, etc. | Chris Wedge ... [et al.]. |
| 260 ## - PUBLICATION, DISTRIBUTION, ETC. | |
| Place of publication, distribution, etc. | Beverly Hills, Calif. : |
| Name of publisher, distributor, etc. | Twentieth Century Fox Home Entertainment, |
| Date of publication, distribution, etc. | [2013] |
| 300 ## - PHYSICAL DESCRIPTION | |
| Extent | 1 videodisc (102 min.) : |
| Other physical details | sd., color ; |
| Dimensions | 4 3/4 in. |
| 336 ## - CONTENT TYPE | |
| Content type term | two-dimensional moving image |
| Content type code | tdi |
| Source | rdacontent. |
| 337 ## - MEDIA TYPE | |
| Media type term | video |
| Media type code | v |
| Source | rdamedia. |
| 338 ## - CARRIER TYPE | |
| Carrier type term | videodisc |
| Carrier type code | vd |
| Source | rdacarrier. |
| 500 ## - GENERAL NOTE | |
| General note | Originally released as a motion picture in 2013. |
| 500 ## - GENERAL NOTE | |
| General note | Leafmen characters inspired by the book: The Leaf Men and the brave good bugs / by William Joyce. |
| 500 ## - GENERAL NOTE | |
| General note | Extras: Birds, bugs and slugs: forest explorer; Rot rocks; Bugs of camouflage; Theatrical trailer. |
| 508 ## - CREATION/PRODUCTION CREDITS NOTE | |
| Creation/production credits note | Music by Danny Elfman ; production designers, Greg Couch, William Joyce ; art director, Michael Knapp ; edited by Andy Keir ; supervising animators, Galen Tan Chu, Melvin Tsing Chern Tan ; cinematographer, Renato Falcao. |
| 511 1# - PARTICIPANT OR PERFORMER NOTE | |
| Participant or performer note | Voices: Colin Farrell, Josh Hutcherson, Amanda Seyfried, Christoph Waltz, Aziz Ansari, Chris O'Dowd, Pitbull, Jason Sudeikis, Steven Tyler, Beyoncé Knowles. |
| 520 ## - SUMMARY, ETC. | |
| Summary, etc. | The story of an ongoing battle deep in the forest between the forces of good and the forces of evil. When a teen age girl finds herself magically transported into this secret universe, she must band together with a rag-tag team of fun and whimsical characters in order to save their world, and also ours. |
| 521 8# - TARGET AUDIENCE NOTE | |
| Target audience note | CHV rating: PG. |
| -- | CHV rating: PG. |
| 538 ## - SYSTEM DETAILS NOTE | |
| System details note | DVD, NTSC, region 1, widescreen (2.40:1) presentation; Dolby digital 5.1 (English), Dolby digital 2.0 (Spanish, French), descriptive audio 5.1. |
| 546 ## - LANGUAGE NOTE | |
| Language note | English, Spanish or French dialogue; Spanish subtitles; subtitled for the deaf and hard of hearing. |
| 650 #0 - SUBJECT ADDED ENTRY--TOPICAL TERM | |
| Topical term or geographic name entry element | Comedy films |
| Form subdivision | Juvenile films. |
| 650 #0 - SUBJECT ADDED ENTRY--TOPICAL TERM | |
| Topical term or geographic name entry element | Animated films |
| Form subdivision | Juvenile films. |
| 650 #0 - SUBJECT ADDED ENTRY--TOPICAL TERM | |
| Topical term or geographic name entry element | Forest animals |
| Form subdivision | Juvenile films. |
| 700 1# - ADDED ENTRY--PERSONAL NAME | |
| Personal name | Wedge, Chris, |
| Dates associated with a name | 1958- |
| Relator term | screenwriter. |
| -- | screenwriter. |
| 700 1# - ADDED ENTRY--PERSONAL NAME | |
| Personal name | Forte, Lori, |
| Relator term | film producer. |
| 700 1# - ADDED ENTRY--PERSONAL NAME | |
| Personal name | Davis, Jerry, |
| Relator term | film producer. |
| 700 1# - ADDED ENTRY--PERSONAL NAME | |
| Personal name | Joyce, William, |
| Dates associated with a name | 1957- |
| Relator term | production designer. |
| -- | screenwriter, |
| -- | production designer. |
| 700 1# - ADDED ENTRY--PERSONAL NAME | |
| Personal name | Hart, James V., |
| Relator term | screenwriter. |
| -- | screenwriter. |
| 700 1# - ADDED ENTRY--PERSONAL NAME | |
| Personal name | Shere, Dan, |
| Relator term | screenwriter. |
| 700 1# - ADDED ENTRY--PERSONAL NAME | |
| Personal name | Astle, Tom J., |
| Relator term | screenwriter. |
| 700 1# - ADDED ENTRY--PERSONAL NAME | |
| Personal name | Ember, Matt, |
| Relator term | screenwriter. |
| 700 1# - ADDED ENTRY--PERSONAL NAME | |
| Personal name | Farrell, Colin, |
| Dates associated with a name | 1976- |
| Relator term | actor. |
| 700 1# - ADDED ENTRY--PERSONAL NAME | |
| Personal name | Hutcherson, Josh, |
| Relator term | actor. |
| 700 1# - ADDED ENTRY--PERSONAL NAME | |
| Personal name | Seyfried, Amanda, |
| Relator term | actor. |
| 700 1# - ADDED ENTRY--PERSONAL NAME | |
| Personal name | Waltz, Christoph, |
| Dates associated with a name | 1956- |
| Relator term | actor. |
| 700 1# - ADDED ENTRY--PERSONAL NAME | |
| Personal name | Ansari, Aziz, |
| Dates associated with a name | 1983- |
| Relator term | actor. |
| 700 1# - ADDED ENTRY--PERSONAL NAME | |
| Personal name | O'Dowd, Chris, |
| Dates associated with a name | 1980- |
| Relator term | actor. |
| 700 1# - ADDED ENTRY--PERSONAL NAME | |
| Personal name | Pitbull |
| Titles and other words associated with a name | (Rapper), |
| Relator term | actor. |
| 700 1# - ADDED ENTRY--PERSONAL NAME | |
| Personal name | Sudeikis, Jason, |
| Relator term | actor. |
| 700 1# - ADDED ENTRY--PERSONAL NAME | |
| Personal name | Tyler, Steven, |
| Dates associated with a name | 1948- |
| Relator term | actor. |
| 700 1# - ADDED ENTRY--PERSONAL NAME | |
| Personal name | Beyoncé, |
| Dates associated with a name | 1981- |
| Relator term | actor. |
| 700 1# - ADDED ENTRY--PERSONAL NAME | |
| Personal name | Elfman, Danny, |
| Relator term | composer (expression) |
| 700 1# - ADDED ENTRY--PERSONAL NAME | |
| Personal name | Couch, Greg, |
| Relator term | production designer. |
| 700 1# - ADDED ENTRY--PERSONAL NAME | |
| Personal name | Knapp, Michael, |
| Relator term | art director. |
| 700 1# - ADDED ENTRY--PERSONAL NAME | |
| Personal name | Keir, Andy, |
| Relator term | editor of moving image work. |
| 700 1# - ADDED ENTRY--PERSONAL NAME | |
| Personal name | Chu, Galen Tan, |
| Relator term | animator. |
| 700 1# - ADDED ENTRY--PERSONAL NAME | |
| Personal name | Tan, Melvin Tsing Chern, |
| Relator term | animator. |
| 700 1# - ADDED ENTRY--PERSONAL NAME | |
| Personal name | Falcão, Renato, |
| Relator term | director of photography. |
| 700 1# - ADDED ENTRY--PERSONAL NAME | |
| Personal name | Joyce, William, |
| Dates associated with a name | 1957- |
| Title of a work | Leaf Men and the brave good bugs. |
| 710 2# - ADDED ENTRY--CORPORATE NAME | |
| Corporate name or jurisdiction name as entry element | Twentieth Century Fox Animation (Firm) |
| 710 2# - ADDED ENTRY--CORPORATE NAME | |
| Corporate name or jurisdiction name as entry element | Blue Sky Studios. |
| 710 2# - ADDED ENTRY--CORPORATE NAME | |
| Corporate name or jurisdiction name as entry element | Twentieth Century Fox Home Entertainment, Inc. |
| Withdrawn status | Lost status | Damaged status | Not for loan | Home library | Current library | Shelving location | Date acquired | Total checkouts | Full call number | Barcode | Date last seen | Price effective from | Koha item type |
|---|---|---|---|---|---|---|---|---|---|---|---|---|---|
| Centerville | Centerville | General stacks | 22/03/2026 | PN1997.2 .E65 2013 | BC0010277 | 22/03/2026 | 22/03/2026 | Books |